County map of Minnesota

Saved in:
Bibliographic Details
Main Author: Gamble, W. H.
Corporate Authors: David Rumsey Collection., Cartography Associates.
Other Authors: Mitchell, S. Augustus 1792-1868.
Format: Electronic
Language:English
Published: [1880].
Series:David Rumsey Collection digital maps
Subjects:
Tags: Add Tag
No Tags, Be the first to tag this record!
LEADER 01466nea a2200325Ka 4500
001 012024933-2
005 20090630193809.0
008 060606t18801879pau a s 0 eng d
034 1 |a a  |b 2100000  |d W0971500  |e W0893000  |f N0492300  |g N0433000 
035 0 |a ocm69949304 
040 |a CUY  |c CUY 
043 |a n-us-mn 
052 |a 4140 
100 1 |a Gamble, W. H.  |q (William H.) 
245 1 0 |a County map of Minnesota  |h [electronic resource] /  |c drawn and engraved by W.H. Gamble. 
255 |a Scale [ca. 1:2,100,000]  |c (W 97⁰15ʹ--W 89⁰30ʹ/N 49⁰23ʹ--N 43⁰30ʹ). 
260 |c [1880]. 
500 |a Shows settlements, rivers, railroads, etc. 
500 |a Prime meridians: Greenwich, Washington. 
500 |a "Entered according to Act of Congress in the year 1879 by S. Augustus Mitchell in the office of the Librarian of Congress at Washington." 
500 |a Scanned raster image of original: 1 map : hand col. ; 31 x 27 cm. 
500 |a Original in the David Rumsey Collection; scanned by Cartography Associates. 
651 0 |a Minnesota  |v Maps. 
700 1 |a Mitchell, S. Augustus  |q (Samuel Augustus),  |d 1792-1868. 
710 2 |a David Rumsey Collection. 
710 2 |a Cartography Associates. 
773 0 |a Mitchell, S. Augustus (Samuel Augustus), 1792-1868.  |t Mitchell's new general atlas.  |d Philadelphia : S. Augustus Mitchell, 1880, c1879.  |g p. 81.  |w (OCoLC)69371482 
830 0 |a David Rumsey Collection digital maps  |5 net 
988 |a 20090630 
906 |0 OCLC